000 00999cam a22003017a 4500
003 CHAP
005 20220329141737.0
008 971013s1977 r 00010 d
010 _a73187
011 _a74159
035 _a83718
040 _cCHAP
090 _aFolleto 12258
100 0 0 _aGarcía Mata, Roberto.
_946280
245 1 3 _aEl consumo de maíz en México de 1940 a 1976 y proyecciones para 1977 a 1978
260 _aMéxico, D.F. :
_bDirección General de Economía Agrícola,
_c1977
300 _a39 p.
_b: gráfs.
490 0 _aDGEA. Econotecnia agrícola
_v; v.1
590 _aBATCH-UPD
_b10
_c20130110
_lUCH01
_h0835
590 _aBATCH-UPD
_b10
_c20130410
_lUCH01
_h0513
590 _aBATCH-UPD
_b10
_c20130914
_lUCH01
_h1530
590 _aCONVERSION
_b10
_c20130109
_lUCH01
_h1340
650 1 4 _aMaíz
_xConsumo
_xMéxico.
_970913
830 0 _aDGEA. Econotecnia agrícola
_v; v.1
_932358
901 _aBK
942 _cFOLL
949 _aFolleto 12258
_bBC
_cFOLL
_d-38444
_eTS1
_i83718
_si
999 _c73187
_d73187